000 00663nam a22001577a 4500
003 OSt
005 20150912132642.0
008 150912b xxu||||| |||| 00| 0 eng d
040 _cRUA
082 _aAGR LAN 1997 B018 Or.1
100 _9318
_aLANG SENGHORNG
245 _aEconomic impact of tribolium castaneum on grain storage in cambodia ឥទ្ធិពលសេដ្ឋកិច្ចTribolium castaneum ទៅលើការស្ដុកគ្រាប់ធញ្ញជាតិ ក្នុងលក្ខខ័ណ្ឌនៃប្រទេសកម្ពុជា
260 _aPhnom Penh
_bRUA
_c1997
300 _a98p.
_bill.
_c29cm.
942 _2ddc
_cAGR
999 _c298
_d298